00328nam a2200133 a 45000010010000000030011000100080041000210350026000620820014000881000024001022450024001262600034001506500010001840000-8935ELIB.Books110520 1971  a(ELIB.Books)0000-9083 a220 bBra aBratcher, Robert G. aTouched by the fire bAmerican Bible Society c1971 aBible